Observations in the 21-cm neutral hydrogen line (Record no. 66944)
[ view plain ]
| 000 -LEADER | |
|---|---|
| fixed length control field | 00377nam a2200121 4500 |
| 008 - FIXED-LENGTH DATA ELEMENTS--GENERAL INFORMATION | |
| fixed length control field | 240910b |||||||| |||| 00| 0 eng d |
| 040 ## - CATALOGING SOURCE | |
| Original cataloging agency | National Science Library |
| Transcribing agency | National Science Library |
| 080 ## - UNIVERSAL DECIMAL CLASSIFICATION NUMBER | |
| Universal Decimal Classification number | 520.8.056-13=60 |
| Item number | L3 |
| 245 ## - TITLE STATEMENT | |
| Title | Observations in the 21-cm neutral hydrogen line |
| 260 ## - PUBLICATION, DISTRIBUTION, ETC. | |
| Name of publisher, distributor, etc. | Instituto argentino de radioastronomia |
| 300 ## - PHYSICAL DESCRIPTION | |
| Other physical details | 75p |
| 942 ## - ADDED ENTRY ELEMENTS (KOHA) | |
| Koha item type | Reference |
| Source of classification or shelving scheme | Universal Decimal Classification |
| Withdrawn status | Lost status | Source of classification or shelving scheme | Damaged status | Not for loan | Home library | Current library | Shelving location | Date acquired | Total Checkouts | Full call number | Barcode | Date last seen | Price effective from | Koha item type |
|---|---|---|---|---|---|---|---|---|---|---|---|---|---|---|
| Universal Decimal Classification | National Science Library | National Science Library | GF | 30/04/1975 | 520.8.056-13=60, L3 | 64881 | 11/09/2024 | 30/04/1975 | Reference |